000 01697cpcaa2200361 4500
001 mm 80058933
003 DLC
005 20260227111705.0
008 800605|||||||||||| eng
010 _amm 80058933
_bms 80002042
040 _aDLC
_edacs
_cDLC
_dDLC
072 7 _aW
_2lcmd
100 1 _aFoote, Lemuel Thomas papers,
_d1832-1908.
245 0 0 _aLemuel Thomas Foote papers,
_f1856-1937
_g(bulk 1862-1865).
300 _a110
_fitems.
300 _a1
_fcontainer.
506 0 _aOpen to research.
520 8 _aCorrespondence, military papers, verses, and miscellany relating chiefly to Foote's service, first as lieutenant and then as chaplain, in the 151st New York Infantry. Includes letters to his wife, Emily Whitney Foote, from camps along the Rapidan and Rappahannock Rivers in Virginia and letters from Emily in Warren's Corners and Royalton, Niagara County, N.Y. I
545 0 _aClergyman and army officer.
546 _aCollection material in English.
600 1 0 _aFoote, Emily Whitney,
_d-1911
_vCorrespondence.
610 1 0 _aUnited States.
_bArmy.
_bNew York Infantry Regiment, 151st (1862-1865)
651 0 _aNiagara County (N.Y.)
_xHistory.
651 0 _aNew York (State)
_xHistory
_yCivil War, 1861-1865.
651 0 _aNew York (State)
_xSocial life and customs.
651 0 _aRapidan River (Va.)
_xHistory.
651 0 _aRappahannock River (Va.)
_xHistory.
651 0 _aVirginia
_xHistory
_yCivil War, 1861-1865.
656 7 _aArmy officers.
_2itoamc
656 7 _aClergy.
_2itoamc
999 _c42905
_d42905